000 00998nam a2200205Ia 4500
003 Ost
005 20260507075642.0
008 260507s9999||||xx |||||||||||||| ||und||
040 _cfsecg
041 _aara
082 _a347
100 _aسيد أحمد، ابراهيم
_eمؤلف
245 0 _aالنظرية العامة للأحكام في المواد المدنية والتجارية والأحوال الشخصية فقها وقضاءا /
_c ابراهيم سيد أحمد
260 _aالإسكندرية:
_bالمكتب الجامعي الحديث,
_c2004
300 _a273 صفحة؛
_bإيضاحات ؛
_c24 سم
520 _aالنظرية العامة للأحكام في في المواد المدنية والتجارية والاأحوال الشخصية ، ضوابط تسبيب الاحكام المدنية والتجارية ، المبادئ القضائية
653 _aالقانون التجاري
653 _aالقانون المدني
942 _cكتاب
999 _c45435
_d45435